Eine schlesische Duellaffäre aus dem Jahre 1669
| Titel: | Eine schlesische Duellaffäre aus dem Jahre 1669 |
|---|---|
| Verfasser: | |
| In: |
Zeitschrift für Geschichte und Kulturgeschichte Schlesiens, Band 13 (1918), Seite 133-137 alle Artikel anzeigen |
| Veröffentlicht: | 1918 |
| Format: | Aufsatz |
| Sprache: | Deutsch |
X
alg: 39183013 001A $01999:11-11-16 001B $01999:26-04-21 $t20:12:30.000 001C $06050:19-11-16 $t09:20:26.000 001D $01999:11-11-16 001U $0utf8 001X $00 002@ $0Aox 003@ $0391830139 007A $0391830139 $aHEB 007T $0Herda04805 010@ $ager 011@ $a1918 021A $aEine @schlesische Duellaffäre aus dem Jahre 1669 028A $aKarger $dViktor 031A $d13 $h133-137 $j1918 037A $aIn Teschen 039B $aIn $8--Abvc--. Zeitschrift für Geschichte und Kulturgeschichte Schlesiens. - Opava : Zemský Archiv, 1918-2006 $x191800000130000867 $9047981504 045F $a340.09 $eDDC23BSB 045F/01 $a340.09 045F/03 $g4371 045F/03 $g4385 045T $a9,10 lok: 39183013 78 exp: 39183013 78 1 #EPN 201B/01 $007-12-17 $t23:38:04.000 201U/01 $0utf8 203@/01 $0787925306 208@/01 $a11-11-16 $be 209A/01 $a/ $f000 $x00 220C/01 $aTitelaufnehmer: cs 244Z/01 $2Trx $#Silesia $#Śląsk $#Sliezsko $#Slezsko $8--Trx--Schlesien $x01 $9391173987 244Z/01 $#Tschechien $#Tschechische Republik $#Tschechische Republik $#Tschechenland $#Tschechei Tschechien $#Česká Republika $#Czech Republic $#ČR $74303381-7 $8--Tg1--Tschechien $x02 $9086659812 244Z/01 $2Trx $#Böhmen $#Bohemia $#Czechy $8--Trx--Čechy $x03 $9391188941 244Z/01 $#Polnisch-Teschen $74088880-0 $8--Tg1--Cieszyn $x04 $9085249394 244Z/01 $aGeschichte 1669 $x05 244Z/01 $2Trx $#kriminaalsus $#nusikalstamumas $#crime $#bünözés $#przestępczość $#kriminalita $#kriminalita $#zločinnost $8--Trx--Kriminalität $x06 $9391357107 244Z/01 $2Trx $8--Trx--Zeitschriftenaufsatz $x07 $9391384341 245Z/01 $a13.03 $x01 245Z/01 $a07.02 $x02 247C/01 $82080>Marburg/Lahn, Herder-Institut, Forschungsbibliothek, Bibliographieportal $9336309341
| LEADER | 00000caa a22000002c 4500 | ||
|---|---|---|---|
| 001 | 391830139 | ||
| 003 | DE-603 | ||
| 005 | 20210426201230.0 | ||
| 007 | tu | ||
| 008 | 161111s1918 xx |||| | u00||u|ger c | ||
| 035 | |a (DE-599)HEB391830139 | ||
| 040 | |a DE-603 |b ger |c DE-603 |d DE-603 | ||
| 041 | |a ger | ||
| 082 | 0 | 4 | |8 1\u |a 340.09 |q DE-101 |2 23/BSB |
| 084 | |a 9,10 |2 ssgn | ||
| 085 | |8 1\u |b 340.09 | ||
| 085 | |8 1\u |z 2 |s 4371 | ||
| 085 | |8 1\u |z 2 |s 4385 | ||
| 100 | 1 | |a Karger, Viktor | |
| 245 | 0 | 0 | |a Eine schlesische Duellaffäre aus dem Jahre 1669 |
| 264 | 0 | |c 1918 | |
| 500 | |a In Teschen | ||
| 773 | 0 | 8 | |i In |t Zeitschrift für Geschichte und Kulturgeschichte Schlesiens |d Opava : Zemský Archiv, 1918-2006 |g Band 13 (1918), Seite 133-137 |w (DE-603)047981504 |w (DE-600)716156-6 |
| 924 | 0 | |9 2080 |a (DE-603)787925306 |b DE-2080 |c HES |d d |g / | |


